| 000 | 00854nam a2200217 a 4500 | ||
|---|---|---|---|
| 001 | 000045655 | ||
| 005 | 20240229073833.0 | ||
| 008 | 150421s2007 dr 000 f spa d | ||
| 040 |
_aDO-SdBNP _bspa _cBNPHU |
||
| 082 |
_axxxx _bxxxx |
||
| 100 | 1 |
_aMorrison, Mateo, _d1947- _91469 |
|
| 245 | 1 | 3 |
_aUn silencio que camina : _bnovela / _cMateo Morrison. |
| 260 |
_aSanto Domingo : _bUniversitaria-UASD, _c2007. |
||
| 300 |
_a109 p. ; _c21 cm. |
||
| 490 | 1 |
_aLiteratura y sociedad _v84 |
|
| 490 | 1 |
_aPublicaciones de la Universidad Autónoma de Santo Domingo _v1370 |
|
| 500 | _aIncluye datos biográficos del autor en la solapa de la contracubierta | ||
| 590 | _aPerteneció a la biblioteca personal de Erick Landestoy. | ||
| 830 | 0 |
_aLiteratura y sociedad ; _v84 _912032 |
|
| 830 | 0 |
_aPublicaciones de la Universidad Autónoma de Santo Domingo ; _n1370 _973716 |
|
| 999 |
_c45144 _d45144 |
||